Statistiques concernant Les véhicules de James Bond

Cliquez ici pour prendre le quiz!

Statistiques générales

  • Ce quiz a été pris 44 fois
  • Le résultat moyen est 12 sur 70

Statistiques - réponses

FilmVéhicule% Correct
Demain ne meurt jamaisAston Martin DB5
88%
Mourir peut attendreAston Martin DB5
88%
Casino RoyaleAston Martin DB5
88%
SpectreAston Martin DB5
88%
SkyfallAston Martin DB5
88%
Opération TonnerreAston Martin DB5
88%
GoldfingerAston Martin DB5
88%
Golden EyeAston Martin DB5
88%
Rien que pour vous yeuxCitroën 2CV
38%
SpectreAston Martin DB10
35%
Au service secret de Sa MajestéAston Martin DBS
35%
Casino RoyaleAston Martin DBS
35%
Quantum of SolaceAston Martin DBS
35%
Golden EyeBMW Z3
35%
Tuer n'est pas jouerAston Martin V8
23%
Mourir peut attendreAston Martin V8
23%
Le monde ne suffit pasBMW Z8
23%
Demain ne meurt jamaisBMW 750
15%
Les diamants sont éternelsFord Mustang
15%
Rien que pour vous yeuxLotus Esprit Turbo
15%
Dangereusement vôtreRenault 11
15%
SkyfallJaguar XJ
10%
SkyfallLand Rover Defender
10%
L'espion qui m'aimaitLotus Esprit S1
10%
Mourir peut attendreAston Martin DBS Superleggera
5%
Quantum of SolaceFord Ka
5%
Jamais plus jamaisRenault 5 Turbo 2
5%
Dangereusement vôtreRenault Fuego
5%
James Bond 007 contre Dr NoSunbeam Alpine
5%
On ne vit que deux foisToyota 2000 GT
5%
Vivre et laisser mourirAEC Regent III
3%
OctopussyAlfa Romeo Alfetta GTV
3%
L'homme au pistolet d'orAMC Hornet
3%
Meurs un autre jourAston Martin V12 Vanquish
3%
Mourir peut attendreAston Martin Valhalla
3%
Tuer n'est pas jouerAudi 200
3%
OctopussyBMW 518i
3%
Demain ne meurt jamaisBMW R 1200 C
3%
Golden EyeCagiva T4
3%
James Bond 007 contre Dr NoChevrolet Bel Air
3%
Bons baisers de RussieChevrolet C-30
3%
Vivre et laisser mourirChevrolet Impala
3%
Quantum of SolaceFord Bronco
3%
Quantum of SolaceFord Edge
3%
Meurs un autre jourFord Fairlane 500
3%
Dangereusement vôtreFord LTD Fox
3%
Casino RoyaleFord Mondeo III
3%
Golden EyeFord Scorpio
3%
SkyfallHonda CRF 250 R
3%
Casino RoyaleInternational 4000
3%
SpectreJaguar XJ X 350
3%
SpectreLand Rover Discovery
3%
Quantum of SolaceLand Rover Range Rover Sport
3%
Casino RoyaleLand Rover Range Rover Sport
3%
Permis de tuerLincoln Continental
3%
Opération TonnerreLincoln Continental
3%
Permis de tuerMaserati Biturbo
3%
Rien que pour vous yeuxMercedes 450 SEL
3%
Au service secret de Sa MajestéMercury Cougar
3%
Vivre et laisser mourirMini Moke
3%
Quantum of SolaceMontesa Cota
3%
Dangereusement vôtreRolls Royce Silver Cloud II
3%
SpectreRolls Royce Silver Wraith
3%
Mourir peut attendreToyota Land Cruiser
3%
Mourir peut attendreTriumph Scrambler 1200
3%
Les diamants sont éternelsTriumph Stag
3%
Quantum of SolaceVolvo S40
3%
Bons baisers de RussieBentley 3 1/2 Litre
0%
SkyfallLand Rover Ranger Rover III
0%
Golden EyeT-54
0%

Distribution des résultats

Percentile par nombre de réponses

% des personnes avec chaque résultat

Votre développement - résultats

Vous n’avez pas pris ce quiz